Stupavský cementár mesačník zamestnancov Stupavskej cementárne

Bibliographic Details
Corporate Author: Stupavská cementáreň, n.p. (Stupava) (Publisher)
Other Authors: Kleman, Alexander (Publishing director)
Format: Journal
Language:Slovak
PhysicalDescription:3 roč. 29 x 20 cm
Published: Stupava ZS ROH Stupavskej cementárne v Stupave 1952-1954
Subjects:

MARC

LEADER 00000nas a22000001a 4500
001 vtls010302296
003 SK-MaSNL
005 20260228161758.0
008 110810d19521954xo mr p r 0 b0slo
015 |a SNBDS17XX9999 
015 |a 1554  |2 Balúnová 1945-60 
038 |a SNKBUDS 
040 |a SNK  |b slo  |c SNK  |e AACR2 
041 0 |a slo 
044 |a xo  |c SK 
080 |a 666.9  |2 2001 
080 |a 070.489  |2 2001 
245 0 0 |a Stupavský cementár  |b mesačník zamestnancov Stupavskej cementárne 
260 |a Stupava  |b ZS ROH Stupavskej cementárne v Stupave  |c 1952-1954 
300 |a 3 roč.  |c 29 x 20 cm 
310 |a 1x mesačne 
362 0 |a Roč. I, č. 1 (15. júl 1952)-roč. III, č. 12 (dec. 1954) 
500 |a Zmena podnázvu: od 4/I (nov. 1952) Časopis zamestnancov Stupavskej cementárne, n. p. 
500 |a Vych. v Stupave mesačne 
500 |a Red. red. krúžok. Zodp. red. Alexander Kleman 
500 |a Vyd. ZS ROH Stupavskej cementárne v Stupave 
500 |a Tlač. rozmnož. cyklostylom 
500 |a Vych. od 15. júla 1952. Posl. číslo 12/III z dec. 1954. Pov. PIO č. 2212/52 
505 8 0 |g Roč. I. 1952 4 č. po 8 s. 
505 8 0 |g Roč. II. 1953 12 č. po 6-8 s. 
505 8 0 |g Roč. III. 1954 12 č. po 10 s 
610 2 7 |a Stupavská cementáreň, n.p. (Stupava)  |x časopisy  |2 SNKBUDS  |9 269533 
650 0 7 |a cementárne  |2 SNKPH  |9 30790 
655 7 |a podnikové časopisy  |2 SNKBUDS  |9 265225 
700 1 |a Kleman, Alexander  |4 pbd  |9 269534 
710 2 |a Stupavská cementáreň, n.p. (Stupava)  |e vydav.  |9 269535 
852 |a SNK  |b 10000  |h ČSB 785 
852 |a UKB  |b 300000  |h SB 1240 
852 |a UKB  |b 300000  |h 20 B 2822 
999 |c 6030  |d 7960